000 00670nam a2200205Ia 4500
003 GCL
008 140319s9999 xx 000 0 ara d
040 _aGCL /
_cGCL
082 0 4 _a336.24
_bا ن
100 1 _aاحمد بديع بليح
245 1 0 _aالتشريع الضريبى: الضرائب على الدخل /
_cاحمد بديع بليح
260 _a[S.N] :
_bمنشاة المعارف الاسلامية ،
_c1987
300 _a308 ص
490 _aالكتب القانونية
_v0
650 0 4 _aالقانون
650 0 4 _aقوانين وتشريعات
650 0 4 _aقانون الضرائب
650 0 4 _aضرائب الدخل
942 _2ddc
_cBK
999 _c38981
_d38981